[Event "FIDE World Blitz-ch Women 2018"]
[Site "St. Petersburg"]
[Date "2018.12.29"]
[Round "6.43"]
[White "Tomashevskaya, Lidia"]
[Black "Khomeriki, Nino"]
[Result "0-1"]
[WhiteElo "2123"]
[BlackElo "2347"]
[Annotator "NA"]
[PlyCount "55"]
[EventDate "2018.12.19"]
[EventType "swiss"]
[EventCountry "RUS"]
[SourceTitle "playchess.com"]
[Source "ChessBase"]
[SourceQuality "1"]

1. e4 e5 2. Nf3 Nc6 3. Bb5 a6 4. Ba4 Nf6 5. O-O Be7 6. Re1 b5 7. Bb3 d6 8. c3 O-O 9. d4 Bg4 10. d5 Na5 11. Bc2 c6 12. h3 Bd7 13. dxc6 Bxc6 14. Nbd2 Qc7 15. Nf1 Rad8 16. Ng3 d5 17. Qe2 d4 18. cxd4 exd4 19. e5 Bxf3 20. Qxf3 Qxc2 21. exf6 Bxf6 22. Ne4 Be7 23. Qg3 Kh8 24. Bf4 Bb4 25. Rac1 Qxb2 26. Qh4 Bxe1 27. Rxe1 d3 28. Ng5 0-1

[Event "FIDE World Blitz-ch Women 2018"]
[Site "St. Petersburg"]
[Date "2018.12.29"]
[Round "6.44"]
[White "Shvayger, Yuliya"]
[Black "Ovod, Evgenija"]
[Result "0-1"]
[WhiteElo "2393"]
[BlackElo "2367"]
[Annotator "NA"]
[PlyCount "115"]
[EventDate "2018.12.19"]
[EventType "swiss"]
[EventCountry "RUS"]
[SourceTitle "playchess.com"]
[Source "ChessBase"]
[SourceQuality "1"]

1. e4 e6 2. d4 d5 3. Nc3 dxe4 4. Nxe4 Bd7 5. Bd3 Bc6 6. Nf3 Nd7 7. O-O Ngf6 8. Ng3 Be7 9. c4 O-O 10. b3 b6 11. Bb2 Bb7 12. Qe2 c5 13. Rfe1 cxd4 14. Nxd4 Qc7 15. Rad1 Rad8 16. a3 Nc5 17. Bc2 a5 18. Nh5 Nxh5 19. Qxh5 h6 20. Qe2 Bf6 21. b4 axb4 22. axb4 Na6 23. Nb5 Qc6 24. f3 Bxb2 25. Be4 Qc8 26. Bxb7 Qxb7 27. Qxb2 Qc6 28. Qc3 Nc7 29. Nd4 Qd6 30. Nf5 exf5 31. Rxd6 Rxd6 32. Qe5 Re6 33. Qc3 Rfe8 34. Rxe6 fxe6 35. Qd4 Na8 36. Qd7 Kf8 37. c5 bxc5 38. bxc5 Re7 39. Qd8+ Re8 40. Qd6+ Re7 41. f4 Nc7 42. Kf2 Kf7 43. g3 Nd5 44. Ke2 Ra7 45. Kd3 Rb7 46. Kd2 Rb2+ 47. Kd3 Rb3+ 48. Kc2 Rb7 49. c6 Rc7 50. Kb3 Re7 51. Kc4 Rc7 52. Kc5 Re7 53. h3 h5 54. Qd8 Rc7 55. Qh8 Nf6 56. Kd6 Re7 57. Qb8 Ne4+ 58. Ke5 0-1

[Event "FIDE World Blitz-ch Women 2018"]
[Site "St. Petersburg"]
[Date "2018.12.29"]
[Round "6.45"]
[White "Bivol, Alina"]
[Black "Doan, Thi Van Anh"]
[Result "1-0"]
[WhiteElo "2393"]
[BlackElo "1950"]
[Annotator "NA"]
[PlyCount "105"]
[EventDate "2018.12.19"]
[EventType "swiss"]
[EventCountry "RUS"]
[SourceTitle "playchess.com"]
[Source "ChessBase"]
[SourceQuality "1"]

1. Nf3 d5 2. g3 g6 3. Bg2 Bg7 4. d4 Nf6 5. O-O O-O 6. Nbd2 c5 7. dxc5 Qc7 8. Nb3 Nbd7 9. Bf4 e5 10. Bg5 h6 11. Bxf6 Nxf6 12. Rc1 Be6 13. h3 Ne4 14. Kh2 Nxc5 15. Nxc5 Qxc5 16. c3 Rad8 17. Qa4 a6 18. Nd2 Qc8 19. e3 b5 20. Qc2 Bf5 21. e4 dxe4 22. Nxe4 Qc4 23. b3 Qd3 24. Qxd3 Rxd3 25. Nc5 Rd2 26. Nxa6 Rxa2 27. Nc7 Rc8 28. Nd5 Kf8 29. Kg1 Be6 30. c4 bxc4 31. bxc4 Rc5 32. Ne3 Ra4 33. Bd5 Bxh3 34. Rfd1 Ke7 35. Rb1 Ra7 36. g4 f5 37. Rb6 Bf6 38. Re6+ Kf8 39. Rxf6+ Kg7 40. Rc6 Rxc6 41. Bxc6 f4 42. Nd5 Bxg4 43. Rb1 Be2 44. c5 Ra5 45. Rc1 g5 46. Bd7 Bf3 47. Nb4 Ra7 48. c6 Rc7 49. Na6 Ra7 50. c7 Bb7 51. Nc5 Bc8 52. Bxc8 Rxc7 53. Ne6+ 1-0

[Event "FIDE World Blitz-ch Women 2018"]
[Site "St. Petersburg"]
[Date "2018.12.29"]
[Round "6.46"]
[White "Lelekova, Olga"]
[Black "Maroroa, Sue"]
[Result "1-0"]
[WhiteElo "2261"]
[BlackElo "2120"]
[Annotator "NA"]
[PlyCount "77"]
[EventDate "2018.12.19"]
[EventType "swiss"]
[EventCountry "RUS"]
[SourceTitle "playchess.com"]
[Source "ChessBase"]
[SourceQuality "1"]

1. e4 e5 2. Nf3 Nc6 3. Bb5 a6 4. Ba4 d6 5. O-O g6 6. c3 Bg7 7. h3 Bd7 8. d3 Nf6 9. Bg5 h6 10. Bh4 g5 11. Bg3 g4 12. hxg4 Bxg4 13. Nbd2 Nh5 14. Bh2 Rg8 15. Bb3 Qe7 16. Nc4 O-O-O 17. Ne3 Bd7 18. Nxe5 Nxe5 19. Qxh5 Bf6 20. Nd5 Qf8 21. Nxf6 Rg5 22. Nxd7 Rxd7 23. Qh3 Ng4 24. Bf4 Rg6 25. Ba4 b5 26. Bd1 Nf6 27. Bf3 Kb8 28. e5 dxe5 29. Bxe5 Rxd3 30. Qf5 Rd2 31. Bxf6 Qd6 32. Be5 Qd8 33. Rad1 Rg5 34. Rxd2 Qxd2 35. Qxf7 Rxe5 36. Qf8+ Ka7 37. Qa8+ Kb6 38. Qb7+ Ka5 39. b4+ 1-0

[Event "FIDE World Blitz-ch Women 2018"]
[Site "St. Petersburg"]
[Date "2018.12.29"]
[Round "6.47"]
[White "Garcia Martin, Marta"]
[Black "Sudakova, Irina"]
[Result "1-0"]
[WhiteElo "2301"]
[BlackElo "2313"]
[Annotator "NA"]
[PlyCount "131"]
[EventDate "2018.12.19"]
[EventType "swiss"]
[EventCountry "RUS"]
[SourceTitle "playchess.com"]
[Source "ChessBase"]
[SourceQuality "1"]

1. e4 c5 2. Nf3 d6 3. d4 Nf6 4. Nc3 cxd4 5. Nxd4 Nc6 6. Bg5 e6 7. Qd2 a6 8. Nxc6 bxc6 9. Bc4 d5 10. Bb3 Be7 11. O-O-O h6 12. Bf4 O-O 13. Kb1 a5 14. Ba4 Qb6 15. Rhe1 Bb4 16. f3 c5 17. exd5 exd5 18. Nxd5 Nxd5 19. Qxd5 Bb7 20. Qd6 Qxd6 21. Bxd6 Rfd8 22. Rg1 c4 23. Bxb4 axb4 24. Bb5 c3 25. Bc4 Rac8 26. Bb3 Ba6 27. Kc1 Be2 28. Rxd8+ Rxd8 29. a3 bxa3 30. bxc3 Rc8 31. Kd2 Bc4 32. Ra1 Rd8+ 33. Ke3 Bb5 34. Rxa3 Re8+ 35. Kf2 Re2+ 36. Kg3 Rd2 37. c4 Bc6 38. Ra6 Bd7 39. c5 Bb5 40. Ra7 Bf1 41. Bxf7+ Kh7 42. Kf4 Rxc2 43. Be6 Rxc5 44. Bf5+ Kg8 45. g4 Rc6 46. Ra8+ Kf7 47. Ra7+ Kf6 48. h4 g5+ 49. hxg5+ hxg5+ 50. Ke3 Rc3+ 51. Kf2 Bc4 52. Rc7 Ke5 53. Kg3 Kd4 54. Be4 Be2 55. Rg7 Bd3 56. Bxd3 Kxd3 57. Rxg5 Ke2 58. Rf5 Rc1 59. g5 Rg1+ 60. Kf4 Kf2 61. Ke5 Ke3 62. Kf6 Ra1 63. g6 Ra6+ 64. Kg5 Ra1 65. g7 Rg1+ 66. Kf6 1-0

[Event "FIDE World Blitz-ch Women 2018"]
[Site "St. Petersburg"]
[Date "2018.12.29"]
[Round "6.48"]
[White "Lysenko, Margarita"]
[Black "Afonasieva, Anna"]
[Result "0-1"]
[WhiteElo "2190"]
[BlackElo "2207"]
[Annotator "NA"]
[PlyCount "114"]
[EventDate "2018.12.19"]
[EventType "swiss"]
[EventCountry "RUS"]
[SourceTitle "playchess.com"]
[Source "ChessBase"]
[SourceQuality "1"]

1. c4 c6 2. Nf3 d5 3. g3 Nf6 4. Bg2 Bf5 5. O-O e6 6. cxd5 cxd5 7. Nh4 Bxb1 8. Rxb1 Be7 9. Qb3 b6 10. d3 O-O 11. e4 dxe4 12. dxe4 e5 13. Nf5 Bc5 14. Bg5 Nc6 15. Rbd1 Nd4 16. Nxd4 Bxd4 17. Be3 Rc8 18. Bxd4 exd4 19. Qd3 Qe7 20. Qxd4 Rfd8 21. Qa4 h6 22. h3 a5 23. Qb3 Nd7 24. Rd5 Re8 25. Rfd1 Nf6 26. R5d4 Qc5 27. a3 b5 28. Kh2 Rb8 29. R4d2 Nxe4 30. Bxe4 Rxe4 31. Qd3 Ree8 32. Qf3 Qe5 33. Rd7 Rf8 34. b4 axb4 35. axb4 Rbc8 36. R1d5 Qb2 37. Rxb5 Rc3 38. Qf4 Rc2 39. Kg2 Qc3 40. Rbb7 Qc6+ 41. Qf3 Qc4 42. Rxf7 Rxf7 43. Rxf7 Qxf7 44. Qa8+ Kh7 45. Qe4+ Qg6 46. Qd4 Qc6+ 47. Kh2 Rc1 48. Qd3+ Qg6 49. Qe3 Qb1 50. b5 Rh1+ 51. Kg2 Qg1+ 52. Kf3 Qd1+ 53. Kg2 Rg1+ 54. Kh2 Rh1+ 55. Kg2 Qd5+ 56. f3 Rd1 57. Kf2 Qa2+ 0-1

[Event "FIDE World Blitz-ch Women 2018"]
[Site "St. Petersburg"]
[Date "2018.12.29"]
[Round "6.49"]
[White "Tomilova, Elena"]
[Black "Utiatskaja Irina (RUS)"]
[Result "1/2-1/2"]
[WhiteElo "2338"]
[BlackElo "1918"]
[Annotator "NA"]
[PlyCount "121"]
[EventDate "2018.12.19"]
[EventType "swiss"]
[EventCountry "RUS"]
[SourceTitle "playchess.com"]
[Source "ChessBase"]
[SourceQuality "1"]

1. c4 g6 2. g3 Bg7 3. Bg2 Nf6 4. Nc3 O-O 5. e3 e5 6. Nge2 d6 7. O-O Nc6 8. d3 Re8 9. Nd5 Ne7 10. Rb1 c6 11. Nxf6+ Bxf6 12. b4 Bg7 13. b5 Bg4 14. h3 Be6 15. Qa4 Qd7 16. Kh2 c5 17. Nc3 d5 18. cxd5 Nxd5 19. Ne4 b6 20. Bb2 Rad8 21. Ng5 h6 22. Nxe6 Rxe6 23. Rfd1 Rd6 24. d4 exd4 25. exd4 Ne7 26. d5 Bxb2 27. Rxb2 Qc7 28. Qf4 Nf5 29. Kg1 Kg7 30. Re2 Nd4 31. Re3 Qd7 32. Rxd4 cxd4 33. Qxd4+ Kg8 34. Qf4 Qxb5 35. Qxh6 Qb1+ 36. Kh2 Qb2 37. Rf3 Rxd5 38. Qf4 Rf5 39. Qc7 Rdd5 40. Qc8+ Kh7 41. Qe8 Rxf3 42. Bxf3 Rf5 43. Qe4 Qxf2+ 44. Bg2 Qb2 45. Qh4+ Kg7 46. Qe7 Rf2 47. Qb7 Rxg2+ 48. Qxg2 Qxg2+ 49. Kxg2 Kf6 50. Kf3 Kf5 51. g4+ Ke5 52. h4 a5 53. a4 Kf6 54. Kf4 Ke6 55. Ke4 f6 56. Kf4 Kd6 57. Ke4 Ke6 58. Kf4 Kf7 59. Ke4 Ke6 60. Kf4 Kd6 61. Ke4 1/2-1/2

[Event "FIDE World Blitz-ch Women 2018"]
[Site "St. Petersburg"]
[Date "2018.12.29"]
[Round "6.50"]
[White "Mkrtchian, Lilit"]
[Black "Sirotkina, Nina"]
[Result "1-0"]
[WhiteElo "2392"]
[BlackElo "2188"]
[Annotator "NA"]
[PlyCount "110"]
[EventDate "2018.12.19"]
[EventType "swiss"]
[EventCountry "RUS"]
[SourceTitle "playchess.com"]
[Source "ChessBase"]
[SourceQuality "1"]

1. c4 e6 2. g3 d5 3. Bg2 Nf6 4. Nf3 Be7 5. O-O O-O 6. Ne5 b6 7. d4 Bb7 8. Nc3 Nbd7 9. cxd5 exd5 10. Bf4 a6 11. Rc1 c5 12. dxc5 Nxc5 13. Nd3 Ne6 14. Be5 Rc8 15. Bxf6 Bxf6 16. Nxd5 Rxc1 17. Nxf6+ Qxf6 18. Qxc1 Bxg2 19. Kxg2 Nd4 20. Nf4 h6 21. Qc3 Re8 22. e3 g5 23. Qxd4 Qxd4 24. exd4 gxf4 25. Kf3 fxg3 26. hxg3 Kf8 27. Rc1 Rd8 28. Ke4 Rd6 29. Rc7 Re6+ 30. Kd3 Rf6 31. Ke3 Re6+ 32. Kd3 Rf6 33. Ke3 Re6+ 34. Kf3 Rd6 35. Rc4 Ke7 36. a4 Ke6 37. Ke4 f5+ 38. Kd3 Kd5 39. Rc8 f4 40. gxf4 Rf6 41. Rd8+ Kc6 42. Ke4 Re6+ 43. Kf5 Re2 44. Kg6 Rxf2 45. f5 Rxb2 46. f6 Rg2+ 47. Kxh6 Rf2 48. Kg7 b5 49. axb5+ axb5 50. f7 b4 51. f8=Q Rxf8 52. Kxf8 Kb5 53. Rb8+ Kc4 54. d5 b3 55. d6 Kd5 1-0

[Event "FIDE World Blitz-ch Women 2018"]
[Site "St. Petersburg"]
[Date "2018.12.29"]
[Round "6.51"]
[White "Gvanceladze, Anna"]
[Black "Vasilevich, Irina"]
[Result "0-1"]
[WhiteElo "2264"]
[BlackElo "2258"]
[Annotator "NA"]
[PlyCount "28"]
[EventDate "2018.12.19"]
[EventType "swiss"]
[EventCountry "RUS"]
[SourceTitle "playchess.com"]
[Source "ChessBase"]
[SourceQuality "1"]

1. e4 c5 2. Nf3 e6 3. g3 Nc6 4. Bg2 a6 5. O-O b5 6. c3 Bb7 7. d4 Nf6 8. Re1 Na5 9. Nbd2 Be7 10. dxc5 Bxc5 11. b4 Bxf2+ 12. Kxf2 Qb6+ 13. Kf1 Ng4 14. bxa5 Qf2# 0-1

[Event "FIDE World Blitz-ch Women 2018"]
[Site "St. Petersburg"]
[Date "2018.12.29"]
[Round "6.52"]
[White "Geller, Anastasiya"]
[Black "Bezgodova, Svetlana"]
[Result "0-1"]
[WhiteElo "2187"]
[BlackElo "2046"]
[Annotator "NA"]
[PlyCount "99"]
[EventDate "2018.12.19"]
[EventType "swiss"]
[EventCountry "RUS"]
[SourceTitle "playchess.com"]
[Source "ChessBase"]
[SourceQuality "1"]

1. Nf3 Nf6 2. g3 d6 3. b3 Nbd7 4. Bb2 e5 5. Bg2 c6 6. e3 Be7 7. d4 e4 8. Nfd2 d5 9. c4 O-O 10. Nc3 Nb6 11. O-O Be6 12. Qe2 Qd7 13. c5 Nc8 14. f3 exf3 15. Bxf3 Re8 16. e4 dxe4 17. Ndxe4 Nxe4 18. Nxe4 Bf8 19. Qc2 h6 20. Bg2 a5 21. Rae1 a4 22. Rf2 axb3 23. axb3 f5 24. Nd2 Ne7 25. Nc4 Nd5 26. Ne5 Qc7 27. Rfe2 Ra2 28. Qc1 Nb4 29. Bc3 Rxe2 30. Rxe2 Nd5 31. Bb2 Qa5 32. Nc4 Qb4 33. Qe1 Qxe1+ 34. Rxe1 Nb4 35. Bf1 Kf7 36. Kf2 Bd5 37. Ne3 g6 38. Nxd5 Nxd5 39. Rxe8 Kxe8 40. Bc4 Nf6 41. Bc1 Bg7 42. Bf4 Ne4+ 43. Ke3 g5 44. Bc7 Kd7 45. Bb8 Nf6 46. Be5 Ng4+ 47. Kf3 Bxe5 48. dxe5 Nxe5+ 49. Ke3 Nxc4+ 50. Kd4 0-1

[Event "FIDE World Blitz-ch Women 2018"]
[Site "St. Petersburg"]
[Date "2018.12.29"]
[Round "6.53"]
[White "Fominykh, Maria"]
[Black "Injac, Teodora"]
[Result "0-1"]
[WhiteElo "2259"]
[BlackElo "2325"]
[Annotator "NA"]
[PlyCount "79"]
[EventDate "2018.12.19"]
[EventType "swiss"]
[EventCountry "RUS"]
[SourceTitle "playchess.com"]
[Source "ChessBase"]
[SourceQuality "1"]

1. Nf3 Nf6 2. g3 g6 3. Bg2 Bg7 4. c4 O-O 5. d4 d6 6. Nc3 Nbd7 7. O-O e5 8. h3 Re8 9. e4 exd4 10. Nxd4 Nc5 11. Re1 Bd7 12. b3 h6 13. Bb2 a5 14. Qd2 c6 15. Rad1 Qb6 16. Nc2 Rad8 17. Ba3 Bc8 18. Kh2 h5 19. f4 Nh7 20. Nd4 a4 21. b4 Ne6 22. Nf3 Qa7 23. b5 Qa5 24. Bb2 a3 25. Ba1 Nc5 26. Nd4 h4 27. gxh4 Qc7 28. Kh1 Nf6 29. f5 Nh5 30. Qf2 Be5 31. Re3 Kg7 32. Nce2 Rg8 33. Nf3 Bxa1 34. Rxa1 Qe7 35. Ng5 f6 36. Nf3 Nxe4 37. Qg1 Bxf5 38. Nfd4 Kh7 39. Nxf5 gxf5 40. Qe1 0-1

[Event "FIDE World Blitz-ch Women 2018"]
[Site "St. Petersburg"]
[Date "2018.12.29"]
[Round "6.54"]
[White "Yurasova, Daria"]
[Black "Romanovskaya, Anna"]
[Result "1-0"]
[WhiteElo "2190"]
[BlackElo "2210"]
[Annotator "NA"]
[PlyCount "42"]
[EventDate "2018.12.19"]
[EventType "swiss"]
[EventCountry "RUS"]
[SourceTitle "playchess.com"]
[Source "ChessBase"]
[SourceQuality "1"]

1. d4 g6 2. c3 Bg7 3. Nf3 d6 4. Nbd2 e5 5. dxe5 dxe5 6. e4 Nc6 7. Bb5 Nge7 8. O-O O-O 9. Ba4 h6 10. Bc2 Be6 11. Nb3 b6 12. Be3 Qe8 13. Qe2 f5 14. exf5 gxf5 15. Bd2 Qf7 16. Rfd1 Ng6 17. Bc1 Rad8 18. Rxd8 Rxd8 19. Be3 Bd5 20. Rd1 a5 21. Nc1 a4 1-0

[Event "FIDE World Blitz-ch Women 2018"]
[Site "St. Petersburg"]
[Date "2018.12.29"]
[Round "6.55"]
[White "Shaydullina, Sandugach"]
[Black "Bogumil, Tatiana"]
[Result "1-0"]
[WhiteElo "2033"]
[BlackElo "2114"]
[Annotator "NA"]
[PlyCount "106"]
[EventDate "2018.12.19"]
[EventType "swiss"]
[EventCountry "RUS"]
[SourceTitle "playchess.com"]
[Source "ChessBase"]
[SourceQuality "1"]

1. Nf3 Nf6 2. c4 g6 3. d4 c5 4. d5 b5 5. cxb5 a6 6. b6 d6 7. Nc3 Nbd7 8. a4 Qxb6 9. a5 Qb7 10. e4 Bg7 11. Bc4 O-O 12. h3 Rb8 13. O-O h6 14. Re1 Ne8 15. Ra2 Nc7 16. Bf4 Qb4 17. Qd3 g5 18. Bd2 Qb7 19. b3 Nb5 20. Ne2 Ne5 21. Nxe5 Bxe5 22. f4 Bf6 23. Ng3 Nd4 24. e5 dxe5 25. fxe5 Bg7 26. Bc3 e6 27. d6 Nb5 28. Ba1 Bd7 29. Ne4 Qc6 30. Rd2 Bc8 31. Nf6+ Bxf6 32. exf6 Bd7 33. Qe2 Nd4 34. Qh5 Kh7 35. Bd3+ Nf5 36. g4 Qf3 37. Bxf5+ exf5 38. Rf1 Qg3+ 39. Rg2 Qe3+ 40. Kh2 Bc6 41. Rff2 Bxg2 42. Kxg2 Rxb3 43. Bb2 Qg3+ 44. Kf1 Qd3+ 45. Kg2 f4 46. h4 Qg3+ 47. Kf1 Qh3+ 48. Ke1 Qe3+ 49. Kf1 Qh3+ 50. Ke1 Qh1+ 51. Kd2 Qd5+ 52. Kc2 Qd3+ 53. Kc1 Rb4 1-0

[Event "FIDE World Blitz-ch Women 2018"]
[Site "St. Petersburg"]
[Date "2018.12.29"]
[Round "6.56"]
[White "Gromova, Iulia"]
[Black "Belova, Olga"]
[Result "1-0"]
[WhiteElo "2241"]
[BlackElo "2069"]
[Annotator "NA"]
[PlyCount "99"]
[EventDate "2018.12.19"]
[EventType "swiss"]
[EventCountry "RUS"]
[SourceTitle "playchess.com"]
[Source "ChessBase"]
[SourceQuality "1"]

1. d4 d5 2. c4 c6 3. Nf3 Nf6 4. e3 Bg4 5. Bd3 e6 6. O-O Be7 7. h3 Bh5 8. Nbd2 dxc4 9. Nxc4 Nbd7 10. b3 O-O 11. Bb2 c5 12. dxc5 Nxc5 13. Bc2 Qxd1 14. Rfxd1 Bxf3 15. gxf3 Rfd8 16. Bd4 Nd5 17. Na5 Rac8 18. Rac1 b6 19. Nc4 f6 20. Bb1 g6 21. Kf1 e5 22. Bb2 Ne6 23. Be4 Ndc7 24. Ke2 Ng5 25. Bb7 Rb8 26. Bc6 Nxh3 27. Bd7 Ng5 28. Nxe5 fxe5 29. Rxc7 Nf7 30. Rxa7 Ra8 31. Rxa8 Rxa8 32. a4 Bc5 33. Be6 Re8 34. Bc4 Re7 35. Bb5 Kg7 36. Rd7 Rxd7 37. Bxd7 h5 38. Bc3 Kf6 39. b4 Bd6 40. a5 bxa5 41. bxa5 Bc5 42. a6 Ke7 43. Bh3 Ng5 44. Bc8 Kd8 45. Bb7 h4 46. Bxe5 Nf7 47. Bd4 Bxd4 48. exd4 Kc7 49. Bd5 Nd6 50. a7 1-0

[Event "FIDE World Blitz-ch Women 2018"]
[Site "St. Petersburg"]
[Date "2018.12.29"]
[Round "6.57"]
[White "Makarenko, Alexandra"]
[Black "Dumcheva, Julia"]
[Result "1/2-1/2"]
[WhiteElo "2228"]
[BlackElo "2168"]
[Annotator "NA"]
[PlyCount "32"]
[EventDate "2018.12.19"]
[EventType "swiss"]
[EventCountry "RUS"]
[SourceTitle "playchess.com"]
[Source "ChessBase"]
[SourceQuality "1"]

1. e4 e6 2. d4 d5 3. Nc3 Nf6 4. Bg5 Be7 5. e5 Nfd7 6. Bxe7 Qxe7 7. f4 O-O 8. Nf3 c5 9. dxc5 Qxc5 10. Qd2 b6 11. Bd3 Ba6 12. Qf2 Qxf2+ 13. Kxf2 Bxd3 14. cxd3 Nc6 15. Ke3 a6 16. Rac1 Rac8 1/2-1/2

[Event "FIDE World Blitz-ch Women 2018"]
[Site "St. Petersburg"]
[Date "2018.12.29"]
[Round "6.58"]
[White "Goltseva, Ekaterina"]
[Black "Kirchei, Viktoriia"]
[Result "1-0"]
[WhiteElo "2153"]
[BlackElo "1972"]
[Annotator "NA"]
[PlyCount "105"]
[EventDate "2018.12.19"]
[EventType "swiss"]
[EventCountry "RUS"]
[SourceTitle "playchess.com"]
[Source "ChessBase"]
[SourceQuality "1"]

1. d4 d5 2. c4 e6 3. Nf3 c6 4. e3 Nf6 5. b3 Be7 6. Bd3 O-O 7. Nbd2 Bb4 8. O-O Nbd7 9. Bb2 c5 10. a3 Bxd2 11. Qxd2 Ne4 12. Qc2 Ndf6 13. Rfd1 cxd4 14. Bxd4 Qe7 15. Qb2 Nh5 16. cxd5 exd5 17. Be2 Nhf6 18. Rac1 Be6 19. Be5 Rac8 20. h3 Rfd8 21. b4 Qf8 22. Nd4 Bd7 23. Bf3 Qe7 24. Bh2 Nd6 25. Bxd6 Qxd6 26. Nb3 Qe6 27. Nc5 Qd6 28. Nxb7 Qb6 29. Nxd8 Rxd8 30. Qd4 Qd6 31. Qxa7 Bf5 32. Qc5 Qe6 33. Qc6 Qe5 34. Qc7 Qe8 35. Qc6 Qe7 36. Qc5 Qe5 37. Qd4 Qe7 38. a4 Ne4 39. Bxe4 Bxe4 40. f3 Bf5 41. e4 Be6 42. b5 Qg5 43. Rc5 Bxh3 44. Qf2 Be6 45. exd5 Qe7 46. Rd2 Bf5 47. Rc1 Qg5 48. Rcd1 Bd7 49. d6 Bf5 50. Rd4 Qg6 51. d7 Qe6 52. Qe1 Qb6 53. Qe8+ 1-0

[Event "FIDE World Blitz-ch Women 2018"]
[Site "St. Petersburg"]
[Date "2018.12.29"]
[Round "6.59"]
[White "Bulatova, Kamaliya"]
[Black "Iljushina, Olga"]
[Result "0-1"]
[WhiteElo "2007"]
[BlackElo "2259"]
[Annotator "NA"]
[PlyCount "105"]
[EventDate "2018.12.19"]
[EventType "swiss"]
[EventCountry "RUS"]
[SourceTitle "playchess.com"]
[Source "ChessBase"]
[SourceQuality "1"]

1. d4 Nf6 2. Bf4 d5 3. e3 c5 4. c3 Qb6 5. Qb3 c4 6. Qc2 Nc6 7. Nd2 g6 8. e4 Nxe4 9. Nxe4 dxe4 10. Bxc4 Bf5 11. Be3 Qc7 12. Bd5 e5 13. Bxe4 exd4 14. cxd4 Bb4+ 15. Kf1 Bxe4 16. Qxe4+ Ne7 17. Rc1 Qd7 18. a3 Bd6 19. Ne2 O-O 20. g3 Rfe8 21. Qd3 Nf5 22. Kg2 Rad8 23. Rhd1 Qe7 24. Rc3 h5 25. h4 Qf6 26. Bg5 Qe6 27. Bxd8 Rxd8 28. d5 Qe5 29. Nd4 Qxd5+ 30. Kh3 Nxd4 31. Qxd4 Qe6+ 32. Kg2 Be7 33. Qa4 Rxd1 34. Qxd1 Qe4+ 35. Qf3 Qe6 36. Qxb7 Bf6 37. Re3 Qc4 38. b3 Qc5 39. b4 Qd4 40. Qe4 Qd6 41. Rd3 Qb6 42. a4 a6 43. a5 Qb5 44. Rd5 Qa4 45. Qc4 Qe8 46. Rd3 Qa8+ 47. Qd5 Qb8 48. Qd6 Qa8+ 49. Kh2 Kg7 50. Rd5 Qb7 51. Qc5 Qb8 52. Qc6 Bxh4 53. Qc3+ 0-1

[Event "FIDE World Blitz-ch Women 2018"]
[Site "St. Petersburg"]
[Date "2018.12.29"]
[Round "6.60"]
[White "Tevzadze, Mariam"]
[Black "Smirnova, Ekaterina"]
[Result "0-1"]
[WhiteElo "1967"]
[BlackElo "2192"]
[Annotator "NA"]
[PlyCount "184"]
[EventDate "2018.12.19"]
[EventType "swiss"]
[EventCountry "RUS"]
[SourceTitle "playchess.com"]
[Source "ChessBase"]
[SourceQuality "1"]

1. d4 d5 2. Nf3 Nf6 3. Bf4 c5 4. e3 Nc6 5. c3 e6 6. Bd3 Bd6 7. Bg5 h6 8. Bh4 b6 9. Nbd2 Bb7 10. O-O Be7 11. Ne5 O-O 12. f4 Nd7 13. Bxe7 Nxe7 14. Qh5 Nf6 15. Qh3 Rc8 16. Rf3 Ne4 17. Rd1 f5 18. Rff1 Qe8 19. Bxe4 dxe4 20. Ndc4 Rd8 21. Rc1 Nd5 22. g4 Ba6 23. Rfe1 Bxc4 24. Nxc4 Kh7 25. Ne5 Rc8 26. a3 Qe7 27. g5 Rfd8 28. Kh1 cxd4 29. cxd4 Rxc1 30. Rxc1 Qb7 31. Qh5 Rc8 32. Qg6+ Kh8 33. Nf7+ Kg8 34. Nxh6+ Kh8 35. Nf7+ Kg8 36. Re1 Qxf7 37. Qxf7+ Kxf7 38. Re2 g6 39. h4 Rc1+ 40. Kg2 b5 41. Kg3 a5 42. h5 gxh5 43. Rh2 Kg6 44. Re2 Rh1 45. Kg2 Rd1 46. Kf2 Rd3 47. Rc2 Rxe3 48. Rc6 Rf3+ 49. Ke1 Kf7 50. g6+ Kxg6 51. Rxe6+ Kf7 52. Re5 Ne7 53. d5 h4 54. d6 Nc6 55. Rc5 Nd8 56. Rc8 Ke8 57. Rc7 h3 58. Re7+ Kf8 59. Rh7 Re3+ 60. Kf2 Rf3+ 61. Ke2 Ke8 62. Re7+ Kf8 63. Rh7 Rd3 64. d7 h2 65. Rxh2 Rxd7 66. Rh5 Rd5 67. Rh6 Ke7 68. Ra6 a4 69. Ra7+ Kd6 70. Ra8 Ne6 71. Ra6+ Ke7 72. Ra7+ Kf6 73. Ra6 Rd7 74. Ke3 Kf7 75. Rb6 Rd3+ 76. Kf2 Rb3 77. Rb7+ Kf6 78. Kg2 Rxb2+ 79. Kh3 Rb3+ 80. Kh4 Rxa3 81. Rxb5 Rb3 82. Ra5 a3 83. Ra8 e3 84. Kg3 Nd4 85. Ra6+ Ke7 86. Ra7+ Kd6 87. Ra6+ Kc5 88. Kg2 e2 89. Kf2 Rf3+ 90. Ke1 Rf1+ 91. Kd2 e1=Q+ 92. Kd3 Rf3# 0-1

[Event "FIDE World Blitz-ch Women 2018"]
[Site "St. Petersburg"]
[Date "2018.12.29"]
[Round "6.61"]
[White "Loskutova, Viktoriya"]
[Black "Komiagina, Maria"]
[Result "0-1"]
[WhiteElo "2105"]
[BlackElo "2234"]
[Annotator "NA"]
[PlyCount "133"]
[EventDate "2018.12.19"]
[EventType "swiss"]
[EventCountry "RUS"]
[SourceTitle "playchess.com"]
[Source "ChessBase"]
[SourceQuality "1"]

1. e4 c5 2. Nf3 Nc6 3. d4 cxd4 4. Nxd4 Nf6 5. Nc3 d6 6. f3 Qb6 7. Bb5 a6 8. Bxc6+ bxc6 9. Rb1 e5 10. Nde2 Be7 11. Qd3 a5 12. Be3 Qc7 13. O-O O-O 14. Rfd1 Rd8 15. Na4 Be6 16. Bb6 Qb7 17. Bxd8 Rxd8 18. b3 d5 19. exd5 cxd5 20. Qe3 Nd7 21. Kh1 f6 22. Nf4 Bf7 23. Nd3 d4 24. Qd2 Qc7 25. Nab2 f5 26. Qe2 Bf6 27. Re1 Re8 28. Qd2 h6 29. Nf2 Bd5 30. c4 Bb7 31. Qd3 g6 32. Rbd1 Nc5 33. Qd2 Bg5 34. Qc2 Be3 35. Nbd3 Kg7 36. Nxc5 Qxc5 37. Nd3 Qc6 38. Re2 Ba8 39. Nf2 Re7 40. Rd3 Kf7 41. a3 Bg5 42. Rd1 Qc5 43. Qb2 Bf6 44. Rde1 Qc6 45. Qd2 e4 46. fxe4 fxe4 47. Nxe4 Be5 48. Rf2+ Kg7 49. Rfe2 Rf7 50. Qd3 Rf4 51. Ng3 Bf6 52. Rd1 h5 53. Qd2 Qc7 54. Rde1 h4 55. Ne4 Be5 56. g3 hxg3 57. hxg3 Rf5 58. Kg1 Qa7 59. Qd3 Qc7 60. Rf2 Qd7 61. Rxf5 Qxf5 62. Kg2 Qg4 63. Qe2 Qf5 64. Qf3 Qd7 65. Re2 d3 66. Rd2 Qd4 67. Rxd3 0-1

[Event "FIDE World Blitz-ch Women 2018"]
[Site "St. Petersburg"]
[Date "2018.12.29"]
[Round "6.62"]
[White "Kosteniuk, Oksana"]
[Black "Sviridova, Vlada"]
[Result "1/2-1/2"]
[WhiteElo "2096"]
[BlackElo "2144"]
[Annotator "NA"]
[PlyCount "103"]
[EventDate "2018.12.19"]
[EventType "swiss"]
[EventCountry "RUS"]
[SourceTitle "playchess.com"]
[Source "ChessBase"]
[SourceQuality "1"]

1. Nf3 d5 2. g3 Nf6 3. Bg2 c6 4. d3 Bf5 5. Nbd2 e6 6. O-O h6 7. c3 Be7 8. Re1 O-O 9. a3 a5 10. Ne5 Nbd7 11. Nxd7 Nxd7 12. e4 Bh7 13. Qg4 Nf6 14. Qe2 dxe4 15. Nxe4 Nxe4 16. dxe4 e5 17. Qg4 Kh8 18. Rd1 Qb6 19. Rd7 Bc5 20. Qe2 Rad8 21. Rxd8 Rxd8 22. b4 Be7 23. Be3 Qc7 24. Rd1 axb4 25. axb4 b5 26. Rd2 f6 27. Qd1 Bg8 28. Rxd8 Bxd8 29. Bh3 Be7 30. Qd7 Qd6 31. Qxd6 Bxd6 32. Bd7 Bc4 33. Bxc6 g5 34. Bc5 Bc7 35. Kg2 Kg7 36. Kf3 h5 37. Be8 g4+ 38. Ke3 Kh6 39. Be7 Kg5 40. Bd7 Bb6+ 41. Bc5 Bc7 42. h3 gxh3 43. Bxh3 h4 44. gxh4+ Kxh4 45. Bd7 Kg5 46. Be7 Bb6+ 47. Bc5 Bc7 48. Be7 Bb6+ 49. Bc5 Bd8 50. f3 Bc7 51. Be7 Bb6+ 52. Bc5 1/2-1/2